|
|
|
|
| LEADER |
00000cam a2200000 7i4500 |
| 001 |
0000000797 |
| 005 |
20011210.0 |
| 020 |
0 |
0 |
|a 0890540462
|
| 090 |
0 |
0 |
|a 579.53
|b MET 1982
|
| 245 |
0 |
0 |
|a METHODS and principles of mycorrhizal research
|c N.C. Schenck, editor
|
| 260 |
0 |
0 |
|a St. Paul, Minn :
|b American Phytopathological Society ,
|c 1982
|
| 300 |
|
|
|a x, 244 p. :
|b ill. (some col.) ;
|c 29 cm.
|
| 500 |
0 |
0 |
|a Includes bibliographical references and index
|
| 650 |
0 |
0 |
|a Mycorrhizas
|x Research
|x Methodology
|
| 700 |
0 |
1 |
|a Schenck
|h N. C. (Norman Carl) ,
|c 1928-
|
| 710 |
1 |
1 |
|a American Phytopathological Society
|
| 998 |
|
|
|a JPSM
|
| 999 |
|
|
|a 0000000691
|b Monograph
|c Open Shelf
|e Default branch
|